| 000 | nam a22 a 4500 | ||
|---|---|---|---|
| 999 |
_c2386 _d2386 |
||
| 005 | 20170516114522.0 | ||
| 008 | 170516b1985 - ||||| |||| 00| 0 eng d | ||
| 020 | _a0023787600 | ||
| 040 | _aAKMAL | ||
| 082 | _a519.5 McC | ||
| 090 |
_a519.5 _bMcC |
||
| 245 |
_aSTATISTICS _cJAMES T. McCLAVE and FRANK H. DIETRICH ll |
||
| 250 | _a3rd EDTITION | ||
| 260 |
_aUNITED STATES OF AMERICA _bDELLEN PUBLISHING COMPANY _c1985 |
||
| 300 |
_a823pg,; _c30 cm |
||
| 942 |
_2ddc _cBOOK |
||